Cuaderno de viaje

Gorde:
Xehetasun bibliografikoak
Egile nagusia: Durá, Antonio
Formatua: Liburua
Hizkuntza:Undetermined
Argitaratua: Barcelona, España Devenir 1986
Gaiak:
Etiketak: Etiketa erantsi
Etiketarik gabe, Izan zaitez lehena erregistro honi etiketa jartzen!

MARC

LEADER 00000nam a2200000Ia 4500
008 170316s9999 xx 000 0 und d
040 |a cru BVZT 
090 |a 862 D-10c 
100 |a Durá, Antonio 
245 |a Cuaderno de viaje 
260 |a Barcelona, España 
260 |b Devenir 
260 |c 1986 
300 |a 83 páginas 
650 |a LITERATURA ESPAÑOLA 
999 |c 9793  |d 9793 
942 |c 15 D  |h 862 D-10c  |2 z